[Event "Schweinfurt op 23rd"]
[Site "Schweinfurt"]
[Date "2013.06.02"]
[Round "7"]
[White "Foitzik, Lukas"]
[Black "Gerhard, Philipp"]
[Result "0-1"]
[WhiteElo "776"]
[BlackElo "841"]
[PlyCount "104"]
[EventDate "2013.05.30"]
[EventType "swiss"]
[EventRounds "7"]
[EventCountry "GER"]
[SourceTitle "CBM 154 Extra"]
[Source "ChessBase"]
[SourceDate "2013.06.25"]
[SourceVersion "2"]
[SourceVersionDate "2013.06.25"]
[SourceQuality "1"]

1. e4 e5 2. Nf3 Nf6 3. Nc3 Nc6 4. Bc4 Bb4 5. 0-0 b6 6. d3 d6 7. h3 Nd4 8. Ng5 h6 9. Nxf7 Qe7 10. Nxh8 Bb7 11. Ng6 Qd7 12. Bd5 c6 13. Bb3 0-0-0 14. Nb1 Nxb3 15. cxb3 c5 16. a3 Ba5 17. Bd2 Bxd2 18. Qxd2 d5 19. Nxe5 Qe8 20. Ng4 dxe4 21. Nxf6 gxf6 22. Re1 f5 23. f3 Qg6 24. Nc3 Rxd3 25. Qxd3 exd3 26. Rad1 f4 27. Ne2 dxe2 28. Rxe2 Bxf3 29. Kf1 Bxe2+ 30. Kxe2 Qxg2+ 31. Kd3 Qxh3+ 32. Kc2 f3 33. Rd3 Qg2+ 34. Kc3 f2 35. b4 cxb4+ 36. Kxb4 f1Q 37. Rc3+ Kd7 38. b3 a5+ 39. Ka4 h5 40. b4 axb4 41. axb4 b5+ 42. Ka5 h4 43. Rc5 h3 44. Rxb5 h2 45. Rh5 h1Q 46. Rxh1 Qfxh1 47. b5 Qa8+ 48. Kb4 Qhe4+ 49. Kc5 Qad5+ 50. Kb6 Qb4 51. Ka6 Qdxb5+ 52. Ka7 Qb7# 0-1